| 000 | 00569nam a2200193 i 4500 | ||
|---|---|---|---|
| 001 | 32784 | ||
| 003 | ES-MaACL | ||
| 005 | 20230906154632.0 | ||
| 007 | t| | ||
| 008 | 030131s1959 sp ||||1| cat d | ||
| 100 | 1 |
_aBertrana, Aurora. _928513 |
|
| 245 | 1 | 3 |
_aLa d'argila / _cAurora Bertrana. |
| 260 |
_aBarcelona : _bRolberti, _c[1959] ( _eGerona : _fIndustries Litografiques) |
||
| 300 |
_a156 p. ; _c16 cm. |
||
| 490 | 1 |
_aNova Col. lletres ; _v47 |
|
| 830 | 0 |
_aNova Col. lletres ; _v47 _9181453 |
|
| 852 |
_aES-MaACL _jC-18136 _bR.44283 |
||
| 999 |
_c32784 _d32784 |
||